[Event "Titled Tue 10th Jun Early"]
[Site "chess.com INT"]
[Date "2025.06.10"]
[Round "1"]
[White "Marynychenko, Yehor"]
[Black "Kozak, Antoni"]
[Result "0-1"]
[WhiteTitle "CM"]
[WhiteElo "2183"]
[BlackElo "2426"]
[WhiteFideId "34160558"]
[BlackFideId "21832030"]
[EventDate "2025.06.10"]

1. e4 c6 2. Nc3 d5 3. Nf3 Bg4 4. h3 Bxf3 5. Qxf3 e6 6. e5 c5 7. d3 Nc6 8. Qg3
Nge7 9. Bd2 Nf5 10. Qf4 Be7 11. g4 g5 12. Qh2 Nfd4 13. O-O-O Nf3 14. Qg3 Nfxe5
15. Bg2 Ng6 16. Rhe1 Qd7 17. f4 gxf4 18. Bxf4 Bh4 19. Qe3 d4 20. Qe4 dxc3 21.
Rf1 cxb2+ 22. Kb1 Nxf4 23. Qxf4 h6 24. Qe4 O-O-O 25. Rf3 Nd4 26. Rff1 Nb5 27.
Kxb2 f5 28. gxf5 Bf6+ 29. Kc1 Bg5+ 30. Kb2 Qg7+ 31. d4 Rxd4 32. Qxe6+ Qd7 33.
Bxb7+ Kc7 34. Qa6 Rxd1 35. Rxd1 Qg7+ 36. Kb1 Nc3+ 37. Kb2 Nxd1+ 38. Ka3 Qc3+ 39.
Ka4 Qb4# 0-1

[Event "Titled Tue 10th Jun Early"]
[Site "chess.com INT"]
[Date "2025.06.10"]
[Round "1"]
[White "Sanhueza, Cristian"]
[Black "Golsta, Madara"]
[Result "1-0"]
[WhiteTitle "FM"]
[WhiteElo "2213"]
[BlackElo "2008"]
[WhiteFideId "116815"]
[BlackFideId "11607386"]
[EventDate "2025.06.10"]

1. e4 c5 2. Nf3 d6 3. d4 cxd4 4. Nxd4 Nf6 5. Nc3 g6 6. Be3 Bg7 7. f3 Nc6 8. Qd2
O-O 9. Bc4 Qa5 10. O-O-O Nxd4 11. Bxd4 Be6 12. Bb3 b5 13. Kb1 Rfc8 14. h4 Bxb3
15. cxb3 Qb4 16. h5 e5 17. Be3 a5 18. h6 Bf8 19. Bg5 Nd7 20. Nd5 Qxd2 21. Rxd2
a4 22. b4 a3 23. b3 f5 24. Rc1 Kf7 25. g4 f4 26. Rdc2 Rxc2 27. Rxc2 Rb8 28. Rc7
Ke6 29. Kc2 1-0

[Event "Titled Tue 10th Jun Early"]
[Site "chess.com INT"]
[Date "2025.06.10"]
[Round "1"]
[White "Iskusnyh, Sergei"]
[Black "Neustroev, Victor"]
[Result "1-0"]
[WhiteTitle "GM"]
[BlackTitle "FM"]
[WhiteElo "2440"]
[BlackElo "2283"]
[WhiteFideId "4120027"]
[BlackFideId "4144147"]
[EventDate "2025.06.10"]

1. d4 d5 2. c4 c6 3. Nf3 Nf6 4. e3 Bf5 5. Nc3 e6 6. Nh4 Be4 7. f3 Bg6 8. Bd2
Nbd7 9. Nxg6 hxg6 10. Qc2 Bd6 11. O-O-O dxc4 12. Bxc4 Qe7 13. e4 e5 14. d5 Nb6
15. Bb3 O-O 16. dxc6 bxc6 17. Bg5 Bc5 18. h4 a5 19. a3 a4 20. Ba2 Qa7 21. h5
Nxh5 22. g4 Nf4 23. Qh2 Be3+ 24. Kb1 1-0

[Event "Titled Tue 10th Jun Early"]
[Site "chess.com INT"]
[Date "2025.06.10"]
[Round "1"]
[White "Pavlov, Nikolay"]
[Black "Kahlert, Thomas"]
[Result "0-1"]
[WhiteTitle "FM"]
[BlackTitle "FM"]
[WhiteElo "2316"]
[BlackElo "2074"]
[WhiteFideId "24141470"]
[BlackFideId "4625242"]
[EventDate "2025.06.10"]

1. e4 e5 2. Nf3 Nc6 3. Bc4 Nf6 4. d3 Be7 5. Nc3 O-O 6. a4 d6 7. O-O Be6 8. Nd5
Qd7 9. c3 Na5 10. Ba2 c5 11. b4 cxb4 12. cxb4 Nc6 13. Nxe7+ Qxe7 14. b5 Nd8 15.
Ba3 Bxa2 16. Rxa2 Ne6 17. d4 exd4 18. e5 Nd5 19. Bxd6 Qd7 20. Qb3 Nc3 21. Rd2
Rfc8 22. Re1 a6 23. Nxd4 Nxd4 24. Rxd4 axb5 25. e6 fxe6 26. Rxe6 Qf7 27. Kf1
Rxa4 28. Rxa4 bxa4 0-1

[Event "Titled Tue 10th Jun Early"]
[Site "chess.com INT"]
[Date "2025.06.10"]
[Round "1"]
[White "Zhigalko, Sergei"]
[Black "Atis, Hasan"]
[Result "1-0"]
[WhiteTitle "GM"]
[BlackTitle "CM"]
[WhiteElo "2572"]
[BlackElo "2089"]
[WhiteFideId "13502956"]
[BlackFideId "44598017"]
[EventDate "2025.06.10"]

1. e4 c5 2. Nf3 e6 3. c3 Nf6 4. e5 Nd5 5. Bc4 d6 6. d4 cxd4 7. cxd4 Be7 8. O-O
O-O 9. Bd2 b6 10. Qe2 Bb7 11. Nc3 dxe5 12. dxe5 Nc6 13. Nxd5 exd5 14. Bd3 Nb4
15. Bxb4 Bxb4 16. Rad1 a5 17. h4 h6 18. h5 Qe7 19. Bb1 Rac8 20. Qd3 f5 21. exf6
Qe4 22. fxg7 Kxg7 23. Nd4 Qxd3 24. Rxd3 Rce8 25. Rg3+ Kh8 26. Rg6 Bc5 27. Rxh6+
Kg8 28. Rg6+ Kh8 29. Ne6 Rxe6 30. Rxe6 Ba6 31. Rh6+ Kg8 32. Rg6+ Kh8 33. Rd1
Rxf2 34. Kh2 d4 35. Bd3 Bb7 36. Re1 Rf8 37. Rh6+ Kg8 38. Rg6+ Kh8 39. Ree6 Bd5
40. Rh6+ Kg8 41. Reg6+ Kf7 42. Rh7+ Ke8 43. Bb5+ Kd8 44. Rd7+ Kc8 45. Rxd5 d3
46. Rxd3 1-0

[Event "Titled Tue 10th Jun Early"]
[Site "chess.com INT"]
[Date "2025.06.10"]
[Round "1"]
[White "Williams, Simon K"]
[Black "Sarkar, Justin"]
[Result "1-0"]
[WhiteTitle "GM"]
[BlackTitle "IM"]
[WhiteElo "2444"]
[BlackElo "2284"]
[WhiteFideId "404454"]
[BlackFideId "2010011"]
[EventDate "2025.06.10"]

1. c4 e5 2. Nc3 Nf6 3. Nf3 Nc6 4. g3 Bb4 5. Bg2 O-O 6. O-O e4 7. Ng5 Bxc3 8.
bxc3 Re8 9. d3 exd3 10. exd3 h6 11. f4 hxg5 12. fxg5 Nh7 13. Bd5 Ne5 14. g6 Nf6
15. Bg5 Nxg6 16. Bxf6 gxf6 17. Qh5 Kg7 18. Bxf7 Kxf7 19. Qh7+ Kf8 20. Qxg6 Re6
21. Rae1 1-0

[Event "Titled Tue 10th Jun Early"]
[Site "chess.com INT"]
[Date "2025.06.10"]
[Round "1"]
[White "Ruddell, Solomon"]
[Black "Pham, Le Thao Nguyen"]
[Result "0-1"]
[BlackTitle "IM"]
[WhiteElo "1992"]
[BlackElo "2357"]
[WhiteFideId "2060353"]
[BlackFideId "12401226"]
[EventDate "2025.06.10"]

1. g3 d5 2. Bg2 c6 3. d3 Bg4 4. Nd2 e6 5. h3 Bh5 6. Ngf3 Nd7 7. c4 Ngf6 8. a3 a5
9. b3 Bc5 10. e4 dxe4 11. dxe4 Ne5 12. O-O O-O 13. Bb2 Nxf3+ 14. Bxf3 Bxf3 15.
Nxf3 Nxe4 16. Qe2 f5 17. Rad1 Qb6 18. Rd7 Rf7 19. Rxf7 Kxf7 20. Ne5+ Kg8 21. Qh5
Qc7 22. Rd1 Nf6 23. Rd7 Qxd7 24. Nxd7 Nxh5 25. Nxc5 Nf6 26. Nxe6 Re8 27. Nf4 Ne4
28. Bd4 Nd2 29. b4 Nf3+ 30. Kg2 Nxd4 31. bxa5 Ra8 0-1

[Event "Titled Tue 10th Jun Early"]
[Site "chess.com INT"]
[Date "2025.06.10"]
[Round "1"]
[White "Mika, Tomasz"]
[Black "Durarbayli, Vasif"]
[Result "0-1"]
[WhiteTitle "CM"]
[BlackTitle "GM"]
[WhiteElo "2227"]
[BlackElo "2612"]
[WhiteFideId "1132970"]
[BlackFideId "13402935"]
[EventDate "2025.06.10"]

1. e4 c5 2. Nf3 d6 3. d4 cxd4 4. Nxd4 Nf6 5. Nc3 Nc6 6. Bc4 Qb6 7. Nxc6 bxc6 8.
O-O g6 9. Qe1 Bg7 10. e5 dxe5 11. Qxe5 Qb4 12. Bb3 O-O 13. a3 Qh4 14. Qg3 Qxg3
15. hxg3 Bf5 16. Re1 e6 17. Bf4 Nd5 18. Nxd5 cxd5 19. Be5 Rfc8 20. Bxg7 Kxg7 21.
Rac1 Rab8 22. f3 h5 23. Kf2 a5 24. a4 Rb4 25. Ke3 d4+ 26. Kd2 d3 27. Re3 dxc2
28. Rc3 Rd8+ 29. Ke3 Rxb3 30. Rxb3 Rd1 0-1

[Event "Titled Tue 10th Jun Early"]
[Site "chess.com INT"]
[Date "2025.06.10"]
[Round "1"]
[White "Masague Artero, Guerau"]
[Black "Chen, Yidong"]
[Result "1-0"]
[WhiteTitle "FM"]
[WhiteElo "2326"]
[BlackElo "2074"]
[WhiteFideId "32098952"]
[BlackFideId "8607028"]
[EventDate "2025.06.10"]

1. e4 c5 2. Bc4 Nc6 3. Nf3 g6 4. c3 Bg7 5. O-O e6 6. d4 cxd4 7. cxd4 d5 8. exd5
exd5 9. Bb5 Ne7 10. h3 O-O 11. Bg5 Qb6 12. Nc3 Be6 13. Qd2 Nf5 14. Bxc6 bxc6 15.
Na4 Qb5 16. b3 h6 17. Bf4 g5 18. Be5 f6 19. Bh2 Rfe8 20. Rac1 Rac8 21. Rfe1 Bf8
22. Qc2 Bd7 23. Nc5 Bxc5 24. dxc5 a5 25. g4 Ng7 26. Qg6 Rxe1+ 27. Rxe1 Qxc5 28.
Qxh6 Kf7 29. Nxg5+ fxg5 30. Bd6 1-0

[Event "Titled Tue 10th Jun Early"]
[Site "chess.com INT"]
[Date "2025.06.10"]
[Round "1"]
[White "Avramidou, Anastasia"]
[Black "Mihajlovskij, Sergei"]
[Result "1-0"]
[WhiteTitle "FM"]
[WhiteElo "2294"]
[BlackElo "2292"]
[WhiteFideId "4239873"]
[BlackFideId "13500805"]
[EventDate "2025.06.10"]

1. Nf3 Nf6 2. c4 g6 3. Nc3 Bg7 4. e4 d6 5. d4 O-O 6. Be2 e5 7. dxe5 dxe5 8. Qxd8
Rxd8 9. Bg5 c6 10. Rd1 Rxd1+ 11. Kxd1 Be6 12. Kc2 Nbd7 13. h3 h6 14. Be3 Nh5 15.
Rd1 Nf4 16. Bf1 g5 17. Na4 f5 18. Nd2 Bf8 19. Nc3 Bc5 20. a3 Bxe3 21. fxe3 Ng6
22. exf5 Bxf5+ 23. Bd3 Bxd3+ 24. Kxd3 Kf7 25. Ke2 Nf6 26. Nde4 Nxe4 27. Nxe4 Ke7
28. b4 b6 29. Rd6 1-0

[Event "Titled Tue 10th Jun Early"]
[Site "chess.com INT"]
[Date "2025.06.10"]
[Round "1"]
[White "Parfenov, Viktor N."]
[Black "Praggnanandhaa, R"]
[Result "0-1"]
[WhiteTitle "CM"]
[BlackTitle "GM"]
[WhiteElo "2193"]
[BlackElo "2767"]
[WhiteFideId "4165969"]
[BlackFideId "25059530"]
[EventDate "2025.06.10"]

1. d4 Nf6 2. c4 g6 3. Nc3 d5 4. cxd5 Nxd5 5. e4 Nxc3 6. bxc3 Bg7 7. Nf3 c5 8. h3
O-O 9. Be2 b6 10. O-O Bb7 11. Qd3 Nd7 12. Bg5 Rc8 13. e5 h6 14. Bf4 e6 15. h4
Bxf3 16. Qxf3 Qxh4 17. a4 cxd4 18. cxd4 Rc7 19. Be3 f6 20. g3 Qh3 21. exf6 Nxf6
22. Qg2 Qxg2+ 23. Kxg2 Nd5 24. Bg4 Kf7 25. Rae1 Rc6 26. Bd2 h5 27. Bf3 Bxd4 28.
Bg5 Bf6 29. Bxf6 Kxf6 30. Re4 Rd8 31. Rfe1 Rdd6 32. Re5 Rc5 33. R5e2 Nc3 34. Rc2
Nxa4 35. Rxc5 Nxc5 0-1

[Event "Titled Tue 10th Jun Early"]
[Site "chess.com INT"]
[Date "2025.06.10"]
[Round "1"]
[White "Zhou, Yuxu"]
[Black "May Sanchez, Andres Elias"]
[Result "1-0"]
[WhiteTitle "CM"]
[BlackTitle "CM"]
[WhiteElo "2113"]
[BlackElo "2215"]
[WhiteFideId "8626421"]
[BlackFideId "5150973"]
[EventDate "2025.06.10"]

1. d4 d5 2. c4 e6 3. Nf3 Nf6 4. g3 h6 5. Bg2 Bd6 6. O-O O-O 7. Qc2 b6 8. Nbd2
Bb7 9. b3 Nbd7 10. Bb2 Rc8 11. cxd5 exd5 12. Rac1 c5 13. dxc5 bxc5 14. Rfd1 Re8
15. Nc4 Bb8 16. Ne3 d4 17. Nc4 Qe7 18. e3 dxe3 19. Nxe3 Nb6 20. Nf5 Qe6 21. Ng5
hxg5 22. Bxb7 Rcd8 23. Bg2 Rc8 24. Ne3 g4 25. Bxf6 gxf6 26. Bf1 Kg7 27. Bd3 Be5
28. Bf5 Qc6 29. Bxc8 Rxc8 30. Qe2 Qe6 31. Qxg4+ 1-0

[Event "Titled Tue 10th Jun Early"]
[Site "chess.com INT"]
[Date "2025.06.10"]
[Round "1"]
[White "Rubes, Jan"]
[Black "Zaw, Ye Htut"]
[Result "1-0"]
[WhiteTitle "IM"]
[BlackTitle "CM"]
[WhiteElo "2426"]
[BlackElo "2180"]
[WhiteFideId "338176"]
[BlackFideId "13013955"]
[EventDate "2025.06.10"]

1. d4 d5 2. c4 e6 3. Nf3 f5 4. Bf4 c6 5. e3 Nf6 6. Nc3 Be7 7. Be2 O-O 8. O-O Ne4
9. h3 b6 10. Rc1 Bb7 11. cxd5 exd5 12. Ne5 Nd7 13. Nxc6 Bxc6 14. Nxe4 Rc8 15.
Nd6 Bxd6 16. Bxd6 Rf6 17. Bf4 h6 18. Bf3 Nf8 19. Qb3 Kh8 20. Rc3 Ne6 21. Be5 Rf8
22. Rfc1 Qd7 23. Qc2 Bb7 24. Rxc8 Rxc8 25. Qd2 Ng5 26. Rxc8+ Qxc8 27. Bd1 Ne4
28. Qc2 Qd7 29. Qc7 Qxc7 30. Bxc7 b5 31. Bc2 Kg8 32. f3 Nd2 33. b3 b4 34. Ba5 1-0

[Event "Titled Tue 10th Jun Early"]
[Site "chess.com INT"]
[Date "2025.06.10"]
[Round "1"]
[White "So, Wesley"]
[Black "Gulkov, Igor A."]
[Result "1-0"]
[WhiteTitle "GM"]
[BlackTitle "IM"]
[WhiteElo "2745"]
[BlackElo "2358"]
[WhiteFideId "5202213"]
[BlackFideId "4120973"]
[EventDate "2025.06.10"]

1. b3 g6 2. Bb2 Nf6 3. c4 Bg7 4. g3 O-O 5. Bg2 d6 6. d4 e5 7. e3 Nbd7 8. Ne2 Re8
9. Nbc3 c6 10. h3 h5 11. Qc2 Qe7 12. O-O e4 13. g4 hxg4 14. hxg4 Nxg4 15. Qxe4
Ndf6 16. Qxe7 Rxe7 17. Ba3 Rd7 18. Ng3 Rd8 19. Nge4 Ne8 20. Rfe1 f5 21. Ng5 Bh6
22. f4 Bg7 23. Rad1 Ngf6 24. e4 fxe4 25. Ncxe4 Bf5 26. Ng3 Bg4 27. Rd2 Bf8 28.
Ne6 1-0

[Event "Titled Tue 10th Jun Early"]
[Site "chess.com INT"]
[Date "2025.06.10"]
[Round "1"]
[White "Dogan, Umut Anil"]
[Black "Wyss, Jonas"]
[Result "1-0"]
[WhiteTitle "CM"]
[BlackTitle "FM"]
[WhiteElo "2060"]
[BlackElo "2278"]
[WhiteFideId "51618060"]
[BlackFideId "1311387"]
[EventDate "2025.06.10"]

1. d4 d5 2. c4 e6 3. Nc3 Nf6 4. Nf3 a6 5. cxd5 exd5 6. Bf4 Bd6 7. Bxd6 Qxd6 8.
e3 O-O 9. Bd3 Re8 10. h3 Nbd7 11. O-O Nf8 12. Ne5 Ng6 13. f4 c5 14. Qd2 c4 15.
Bc2 b5 16. a3 Rb8 17. Ne2 Qc7 18. Rfc1 a5 19. Ng3 b4 20. axb4 axb4 21. Ra4 b3
22. Bd1 Bd7 23. Ra5 Qd6 24. Qc3 Ra8 25. Rca1 Bc6 26. Nf5 Qc7 27. Bf3 Rxa5 28.
Rxa5 Ra8 29. Rc5 Nxe5 30. fxe5 Nd7 31. Rxc6 Qxc6 32. Ne7+ Kf8 33. Nxc6 1-0

[Event "Titled Tue 10th Jun Early"]
[Site "chess.com INT"]
[Date "2025.06.10"]
[Round "1"]
[White "Toropov, Pavel"]
[Black "Carlsen, Magnus"]
[Result "0-1"]
[WhiteTitle "FM"]
[BlackTitle "GM"]
[WhiteElo "2308"]
[BlackElo "2837"]
[WhiteFideId "24129178"]
[BlackFideId "1503014"]
[EventDate "2025.06.10"]

1. e4 e5 2. Nf3 Nc6 3. d4 exd4 4. Nxd4 Bb4+ 5. c3 Bc5 6. Be3 Bb6 7. Nd2 Nf6 8.
Nxc6 bxc6 9. Bxb6 axb6 10. Bd3 O-O 11. O-O Re8 12. Re1 d6 13. f4 Nd7 14. Bc2 Qf6
15. Qf3 Nc5 16. Nb3 Na4 17. Rab1 Bd7 18. a3 c5 19. Nd2 Bc6 20. Qd3 Qxf4 21. Rf1
Qh6 22. Bb3 Re7 23. Rf2 b5 24. Bd5 Bxd5 25. Qxd5 Rae8 26. Qc6 Rb8 27. c4 Qe6 28.
cxb5 Qd7 29. Qd5 Qxb5 30. Rbf1 Rf8 31. b3 Nc3 32. Qc4 Qxc4 33. bxc4 Nxe4 34.
Nxe4 Rxe4 35. Rc1 Ra8 0-1

[Event "Titled Tue 10th Jun Early"]
[Site "chess.com INT"]
[Date "2025.06.10"]
[Round "1"]
[White "Vachier-Lagrave, Maxime"]
[Black "Garrido, Denis"]
[Result "1-0"]
[WhiteTitle "GM"]
[BlackTitle "FM"]
[WhiteElo "2736"]
[BlackElo "2230"]
[WhiteFideId "623539"]
[BlackFideId "601217"]
[EventDate "2025.06.10"]

1. e4 e5 2. Nf3 Nc6 3. Bc4 Nf6 4. d3 Be7 5. O-O O-O 6. a3 d5 7. exd5 Nxd5 8. Re1
Bg4 9. h3 Bh5 10. Nc3 Nxc3 11. bxc3 Kh8 12. Rb1 f6 13. Qe2 Bc5 14. Be3 Bxa3 15.
g4 Bf7 16. Bxf7 Rxf7 17. Rxb7 a5 18. Ra1 Bf8 19. Ra4 Qd5 20. Rb3 Rd7 21. Nd2 Bc5
22. Qf3 Qxf3 23. Nxf3 Bxe3 24. fxe3 e4 25. Rxe4 a4 26. Ra3 Ne7 27. Rexa4 Rxa4
28. Rxa4 Kg8 29. Rd4 Nd5 30. c4 Nb6 31. Rxd7 Nxd7 32. Kf2 Kf7 33. Nd4 Ne5 34.
Nb5 c6 35. Nd4 g6 36. c5 Ke7 37. Ke2 Kd7 38. Nf3 Nf7 39. d4 Kc7 40. c4 Nd8 41.
Nd2 Nb7 42. Ne4 1-0

[Event "Titled Tue 10th Jun Early"]
[Site "chess.com INT"]
[Date "2025.06.10"]
[Round "1"]
[White "Zong, Davis"]
[Black "Nagare Kaivalya Sandip"]
[Result "0-1"]
[WhiteTitle "FM"]
[BlackTitle "FM"]
[WhiteElo "2242"]
[BlackElo "2321"]
[WhiteFideId "30903955"]
[BlackFideId "25957929"]
[EventDate "2025.06.10"]

1. d4 Nf6 2. c4 e6 3. g3 d5 4. Bg2 Be7 5. Nf3 dxc4 6. O-O c5 7. Qa4+ Nc6 8. dxc5
O-O 9. Rd1 Qa5 10. Qxc4 Qxc5 11. Na3 Qh5 12. Qc2 e5 13. Nc4 Bf5 14. Qb3 Bc5 15.
Qxb7 Rac8 16. Be3 Nd4 17. Nxd4 exd4 18. Bxd4 Bxd4 19. Rxd4 Qxe2 20. Ne3 Rb8 21.
Qxa7 Rxb2 22. Rf4 Be6 23. a4 h5 24. h4 Rfb8 25. a5 Rb1+ 26. Rxb1 Rxb1+ 27. Kh2
Qe1 28. Bf1 Ng4+ 29. Rxg4 Qxf2+ 30. Bg2 Qg1+ 31. Kh3 hxg4+ 32. Nxg4 Qxa7 0-1

[Event "Titled Tue 10th Jun Early"]
[Site "chess.com INT"]
[Date "2025.06.10"]
[Round "1"]
[White "Risteski, Emil"]
[Black "Manon-og, Ramon Jr."]
[Result "1-0"]
[WhiteTitle "IM"]
[WhiteElo "2374"]
[BlackElo "1913"]
[WhiteFideId "15005267"]
[BlackFideId "5200776"]
[EventDate "2025.06.10"]

1. d4 f5 2. Bf4 Nf6 3. Nf3 g6 4. e3 d6 5. h3 Bg7 6. Bh2 O-O 7. Be2 c6 8. O-O
Nbd7 9. c4 Qb6 10. Qc1 Ne4 11. Nc3 Nxc3 12. Qxc3 c5 13. Rfd1 cxd4 14. Nxd4 Nc5
15. Qc2 Bd7 16. Rab1 Rac8 17. Bf3 Ba4 18. b3 Bd7 19. Bd5+ e6 20. Bf3 e5 21. Bd5+
Kh8 22. Ne2 e4 23. Nf4 a5 24. h4 Bf6 25. Bg3 Qd8 26. h5 g5 27. Ne2 Be8 28. h6
Nd3 29. Rxd3 exd3 30. Qxd3 Bg6 31. f4 b6 32. Nd4 Bxd4 33. Qxd4+ Qf6 34. Qxb6
Rce8 35. fxg5 Qxg5 36. Bf4 Qh4 37. Qxd6 Qf6 38. Qxf6+ Rxf6 39. a3 Rb6 40. b4
axb4 41. axb4 Rc8 42. Be5+ Rf6 43. Bxf6# 1-0

[Event "Titled Tue 10th Jun Early"]
[Site "chess.com INT"]
[Date "2025.06.10"]
[Round "1"]
[White "Goryachkina, Aleksandra"]
[Black "Radnaev, Nomin"]
[Result "1-0"]
[WhiteTitle "GM"]
[BlackTitle "CM"]
[WhiteElo "2533"]
[BlackElo "2139"]
[WhiteFideId "4147103"]
[BlackFideId "1656341"]
[EventDate "2025.06.10"]

1. e4 c5 2. Nf3 d6 3. d4 cxd4 4. Nxd4 Nf6 5. Nc3 a6 6. f4 e5 7. Nb3 Be6 8. f5
Bxb3 9. axb3 Be7 10. Bg5 Nbd7 11. Bc4 O-O 12. O-O Nb6 13. Bxf6 Bxf6 14. Nd5 Rc8
15. Qe2 Nxd5 16. Bxd5 Qb6+ 17. Kh1 Rfd8 18. Rad1 Qc5 19. c4 Rc7 20. Rd3 b6 21.
Qh5 h6 22. h4 Kf8 23. g4 Rb8 24. g5 hxg5 25. hxg5 Bd8 26. Qh8+ Ke7 27. f6+ Kd7
28. Qh3+ Ke8 29. fxg7 Bxg5 30. g8=Q+ 1-0

[Event "Titled Tue 10th Jun Early"]
[Site "chess.com INT"]
[Date "2025.06.10"]
[Round "1"]
[White "Den Roover, Nikolay Jorgensen"]
[Black "Sai, Han Thiha"]
[Result "0-1"]
[WhiteTitle "CM"]
[BlackTitle "FM"]
[WhiteElo "1970"]
[BlackElo "2121"]
[WhiteFideId "1557220"]
[BlackFideId "13012290"]
[EventDate "2025.06.10"]

1. Nf3 Nf6 2. c4 g6 3. g3 Bg7 4. Bg2 O-O 5. O-O d6 6. d4 c6 7. Nc3 Qa5 8. a3 Qh5
9. e4 Bg4 10. Qd3 e5 11. d5 cxd5 12. cxd5 Nbd7 13. b4 Bh6 14. Bxh6 Qxh6 15. Nb5
Ne8 16. Rfc1 a6 17. Nc7 Rc8 18. h3 Bxf3 19. Bxf3 Nxc7 20. Bg4 Rfd8 21. b5 axb5
22. Rc2 f5 23. exf5 Nf6 24. fxg6 Nxg4 25. gxh7+ Qxh7 26. Qxh7+ Kxh7 27. hxg4
Nxd5 28. Rd2 Nc3 29. Kg2 Ne4 30. Rd3 Rf8 31. f4 Rc2+ 32. Kf3 Nd2+ 33. Ke3 exf4+ 0-1

[Event "Titled Tue 10th Jun Early"]
[Site "chess.com INT"]
[Date "2025.06.10"]
[Round "1"]
[White "Hambardzumian, Yuri"]
[Black "Khazhatuly, Alikhan"]
[Result "0-1"]
[WhiteTitle "IM"]
[BlackTitle "CM"]
[WhiteElo "2301"]
[BlackElo "2173"]
[WhiteFideId "13302795"]
[BlackFideId "13731335"]
[EventDate "2025.06.10"]

1. e4 c5 2. Nf3 e6 3. d4 cxd4 4. Nxd4 a6 5. Nc3 Qc7 6. Qf3 Nf6 7. Bf4 e5 8. Bg3
Bb4 9. Nf5 O-O 10. Be2 Bxc3+ 11. bxc3 d5 12. Bd3 dxe4 13. Bxe4 Nxe4 14. Qxe4
Qxc3+ 15. Ke2 Bxf5 16. Qxf5 Nc6 17. Qd3 Nd4+ 18. Ke3 Nxc2+ 19. Ke2 Qxd3+ 20.
Kxd3 Nxa1 21. Rxa1 Rfd8+ 22. Ke4 f6 23. Rc1 Rac8 24. Rxc8 Rxc8 0-1

[Event "Titled Tue 10th Jun Early"]
[Site "chess.com INT"]
[Date "2025.06.10"]
[Round "1"]
[White "Tsydypov, Zhamsaran"]
[Black "Cornelisse, Lorelei"]
[Result "1-0"]
[WhiteTitle "GM"]
[BlackTitle "WFM"]
[WhiteElo "2514"]
[BlackElo "2138"]
[WhiteFideId "4108566"]
[BlackFideId "1087177"]
[EventDate "2025.06.10"]

1. e4 e5 2. Nf3 Nc6 3. Bc4 Nf6 4. d3 d5 5. exd5 Nxd5 6. O-O Bg4 7. Re1 Qd6 8. h3
Bh5 9. Nbd2 O-O-O 10. Ne4 Qd7 11. Ng3 Bxf3 12. Qxf3 f6 13. c3 Nb6 14. Be3 Nxc4
15. dxc4 Qf7 16. b3 Ba3 17. Rab1 Rd3 18. Qe4 Rhd8 19. Qxh7 Rxc3 20. Rbd1 Be7 21.
Ne4 Rcd3 22. Rxd3 Rxd3 23. Ng5 Rxe3 24. Nxf7 Rxe1+ 25. Kh2 Re2 26. f3 Nd4 27.
Qxg7 Nxf3+ 28. Kg3 Nd4 29. Qg6 b6 30. h4 Re3+ 31. Kh2 Bb4 32. Qg8+ Kb7 33. Nd8+
Ka6 34. Qe8 Be1 35. Qa4+ Ba5 36. b4 Re4 37. b5+ 1-0

[Event "Titled Tue 10th Jun Early"]
[Site "chess.com INT"]
[Date "2025.06.10"]
[Round "1"]
[White "Hernandez Leon, Sergio"]
[Black "Grover, Sahaj"]
[Result "0-1"]
[WhiteTitle "CM"]
[BlackTitle "GM"]
[WhiteElo "2102"]
[BlackElo "2465"]
[WhiteFideId "2285622"]
[BlackFideId "5021103"]
[EventDate "2025.06.10"]

1. Nf3 Nf6 2. b3 g6 3. Bb2 Bg7 4. g3 O-O 5. Bg2 c5 6. O-O Nc6 7. e3 d5 8. d4 Ne4
9. Nbd2 Bg4 10. c3 cxd4 11. exd4 Nxd2 12. Qxd2 Bxf3 13. Bxf3 e6 14. Rfe1 Rc8 15.
Rac1 Qa5 16. b4 Qb6 17. a4 Ne7 18. b5 Nf5 19. Ba3 Bh6 20. Qd3 Bxc1 21. Bxf8 Kxf8
22. Rxc1 Nxd4 23. Bg4 Nb3 24. Rb1 Na5 25. h4 h5 26. Bf3 Nc4 27. Re1 Qd6 28. Qd4
Kg8 29. Qxa7 b6 30. Be2 Na5 31. c4 dxc4 32. Rd1 Qc7 0-1

[Event "Titled Tue 10th Jun Early"]
[Site "chess.com INT"]
[Date "2025.06.10"]
[Round "1"]
[White "Xiong, Jeffery"]
[Black "Estrada Nieto, Julian"]
[Result "1-0"]
[WhiteTitle "GM"]
[BlackTitle "IM"]
[WhiteElo "2639"]
[BlackElo "2181"]
[WhiteFideId "2047640"]
[BlackFideId "5101018"]
[EventDate "2025.06.10"]

1. e4 e5 2. Nf3 Nc6 3. Nc3 Nf6 4. d4 exd4 5. Nxd4 Bb4 6. Nxc6 bxc6 7. Bd3 d5 8.
exd5 O-O 9. O-O cxd5 10. h3 c6 11. Qf3 Bd6 12. Bf4 Be6 13. Ne2 Qb8 14. b3 Re8
15. Rfe1 a5 16. a4 Ra7 17. Bg5 Be5 18. Rad1 Rae7 19. Nf4 h6 20. Nxe6 Rxe6 21.
Bd2 Bc7 22. Rxe6 Rxe6 23. Re1 Rxe1+ 24. Bxe1 Qd8 25. Bc3 Qd6 26. g3 Qe6 27. Bf5
Qe7 28. Kf1 Ne4 29. Bxe4 dxe4 30. Qg4 g6 31. Ke2 Qe8 32. Qh4 Kh7 33. Qf6 Qf8 34.
Qxc6 Bd8 35. Qxe4 Qc5 36. Qd4 1-0

[Event "Titled Tue 10th Jun Early"]
[Site "chess.com INT"]
[Date "2025.06.10"]
[Round "1"]
[White "Buyankhishig, Batpelden"]
[Black "Villarreal, Agustin"]
[Result "0-1"]
[WhiteTitle "WFM"]
[BlackTitle "FM"]
[WhiteElo "2015"]
[BlackElo "2298"]
[WhiteFideId "4923537"]
[BlackFideId "125687"]
[EventDate "2025.06.10"]

1. d4 Nf6 2. c4 e6 3. Nf3 Bb4+ 4. Bd2 a5 5. g3 d5 6. Bg2 dxc4 7. O-O Nc6 8. e3
O-O 9. a3 Bd6 10. Bc3 Ne4 11. Nfd2 Nxc3 12. Nxc3 e5 13. d5 Ne7 14. Nxc4 Bd7 15.
Qe2 f5 16. Nxd6 cxd6 17. e4 f4 18. Rfc1 Qb6 19. Bf3 Rf6 20. Rc2 fxg3 21. hxg3
Raf8 22. Kg2 Rxf3 23. Qxf3 Bh3+ 24. Kxh3 Rxf3 25. Kg2 Rf8 26. a4 Qb4 27. Nb5
Qxe4+ 28. Kg1 Qxc2 0-1